| 000 | 00876nam a2200229 a 4500 | ||
|---|---|---|---|
| 001 | BRCA_2276 | ||
| 005 | 20190320203735.0 | ||
| 008 | 770912s2002----ne-a######---#000-0#spa-d | ||
| 041 | _aspa | ||
| 044 | _ane | ||
| 050 | 4 |
_aTR820 _b.W67 2002 |
|
| 245 | 1 | 0 |
_aWorld Press Photo _ctraducción Jorge A. Sánchez, Silvana Laguardia. |
| 260 |
_aÁmsterdam _bFundación World Press Photo : Embajada del Reino de los Países Bajos _c2002 |
||
| 300 |
_a152 p. _bil. (algunas a color) _c30 cm. |
||
| 500 | _aCatálogo de la exposición realizada en el Museo Franz Mayer (Ciudad de México), 18 julio - 11 agosto, 2002 | ||
| 500 | _aIncluye lista de países participantes | ||
| 650 | 1 | 4 |
_aFotoperiodismo _vExposiciones _xPremios _95406 |
| 650 | 1 | 4 |
_aFotografía _vExposiciones _xPremios _95407 |
| 700 | 1 |
_aSánchez, Jorge A. _96777 |
|
| 700 | 1 |
_aLaguardia, Silvana _95408 |
|
| 942 |
_2lcc _cB |
||
| 999 |
_c2022 _d2022 |
||